Responses for Show #387 - Tuesday, March 4, 1986

Lionel Goldbart game 3.
Final Jeopardy! Round incomplete.

Contestants

[<< previous game]

Seth Hogan, a perpetual student originally from Detroit, Michigan

Dolores Long, a writer and an editor originally from Allentown, Pennsylvania

Lionel Goldbart, a retired schoolteacher originally from Brooklyn, New York (whose 2-day cash winnings total $22,599)

[next game >>]

Jeopardy! Round responses

20th CENTURY
G.W. CARVER
TV TRIVIA
HORSES
TRUCKS
IN THE KITCHEN
    $100 9
World War II

Seth
    $100 17
peanuts

Dolores
    $100 3
The Partridge Family

Seth
    $100 1
water

Lionel
    $100 16
(Alex: Seth didn't ring in fast enough.)

the tractor part

Triple Stumper
    $100 18
a Cleaver

Dolores
    $200 10
the Nazis

Seth
    $200 21
high school

Seth
    $200 4
(Seth: What is Paladin?)
[Alex hesitates to rule.]
(Seth: Or [*]?)
[Changed from correct to incorrect after break due to incorrect name said first]

Have Gun – Will Travel

Seth
Triple Stumper
    $200 2
toenails

Seth
    $200 23
the U.S. government

Dolores
    $200 19
a sifter

Dolores
    $300 11
(Dolores: What are fire hydrants?)

parking meters

LionelDolores
    $300 25
(Seth: Who was... Oh...)
...
[The end-of-round signal sounds.]

Booker T. Washington

LionelSeth
    $300 5
Archie & Edith Bunker

Seth
    $300 7
the Clydesdales

Seth
    $300 20
a meat tenderizer

Lionel
    $400 12
Pakistan

Lionel
    $400 6
(Alex: 1948-49.)

Morey Amsterdam

Lionel
    $400 14
5 feet

Triple Stumper
    $400 22
(Seth: What is mop the floor?)
(Alex: No, what is [*]? "Yakety Yak". We've got about a minute to go in this round.)

take out the papers and the trash

Seth
    $500 13
1956

Lionel
    $500 8
(Seth: Who was [*]?)
(Alex: Who is [*]? She's still around.)

Shelley Hack

Seth
    $500 15
(Lionel: What is Argentina?)

Brazil

Lionel
Triple Stumper
    $500 24
a ricer

Triple Stumper

Scores at the first commercial break (after clue 13):

Lionel Dolores Seth
$1,700 -$300 $1,500

Scores at the end of the Jeopardy! Round:

Lionel Dolores Seth
$1,800 $300 $1,000

Double Jeopardy! Round responses

THE SOUTH PACIFIC
CHEMISTRY
PIPES
LITERARY ANIMALS
MUSICAL QUESTIONS
"GARY"s
    $200 19
their torso

Lionel
    $200 3
a molecule

Seth
    $200 22
Mark Twain

Seth
    $200 1
Steppenwolf

Lionel
    $200 16
love

Lionel
    $200 8
Gary Cooper

Dolores
    $400 23
(Alex: A minute to go in the round.)

Rodgers & Hammerstein

Lionel
    $400 4
oxygen

Seth
    $400 24
(Seth: What is the tobacco?)

smoke

LionelSeth
    $400 2
a marlin

Seth
    $400 17
"When Will I Be Loved"

Seth
    $400 9
Gary Collins

Lionel
    $600 28
(Seth: What is Tasmania?)
(Dolores: What is Borneo?)
...
[The end-of-round signal sounds.]

New Guinea

DoloresSeth
Triple Stumper
    $600 5
formaldehyde

Triple Stumper
    $600 25
(Seth: What is corncob?)

rum

Seth
Triple Stumper
    $600 13
the octopus

Lionel
    $600 18
"Where Is The Love"

Triple Stumper
    $600 10
Gary, Indiana

Dolores
    $800 6
europium

Triple Stumper
    $800 26
meerschaum

Lionel
    $800 14
white

Triple Stumper
    $800 20
"How Deep Is Your Love"

Dolores
    $800 11
Gary Gilmore

Seth
    $1,000 7
(Seth: What is salt?)

(1 of) hydrogen gas, chlorine gas or sodium hydroxide (lye or caustic soda)

Seth
    $1000 27
a gourd

Triple Stumper
    $1000 15
(Lionel: What is a Cocker Spaniel?)

a poodle

Lionel
Triple Stumper
    $1000 21
"Is That All There Is"

Lionel
    $1000 12
John Gary

Triple Stumper

Scores at the end of the Double Jeopardy! Round:

Lionel Dolores Seth
$5,000 $1,300 $800
(lock game)

[wagering suggestions for these scores]

Final Jeopardy! Round responses

DEMOCRATS
(Alex: 1952, '56, '68, '72, '80, and '84 were the years.)
[NOTE: The recording from which this game was archived cut off immediately after Dolores's wager was revealed. Lionel's response and wager have been inferred.]
SethWhat is six?
$799
DoloresWhat is 3?
$300
LionelWhat is six?
$2,399
6

Final scores:

Lionel Dolores Seth
$7,399 $1,000 $1,599
3-day champion: $29,998 3rd place: Kelvinator washer & dryer 2nd place: trip on Delta to New York City & stay at Milford Plaza

Game dynamics:

Coryat scores:

Lionel Dolores Seth
$5,000 $1,300 $2,200
16 R,
2 W
7 R,
2 W
14 R,
7 W
(including 2 DDs)

Combined Coryat: $8,500

[game clues] [game scores] [suggest correction]

Game tape date: 1985-10-22
The J! Archive is created by fans, for fans. Scraping, republication, monetization, and malicious use prohibited; this site may use cookies and collect identifying information. See terms. The Jeopardy! game show and all elements thereof, including but not limited to copyright and trademark thereto, are the property of Jeopardy Productions, Inc. and are protected under law. This website is not affiliated with, sponsored by, or operated by Jeopardy Productions, Inc. Join the discussion at JBoard.tv.